000 01283nam0a2200337 4500
001 RU\NLR\bibl\101635
005 20260405104841.0
010 _a5-93700-006-4
_95000
021 _aRU
_b2000-14400
_9697
035 _a(NLR Aleph) 000099400
090 _a560685
_c560685
100 _a20000802d2000 |||y0rusy50 ca
101 1 _arus
_ceng
102 _aRU
105 _aa |||||||||
200 1 _aЭффективное использование C++
_e50 рекомендаций по улучшению ваших прогр. и проектов
_e[Пер. с англ.]
_fСкотт Мейерс
210 _aМ.
_cДМК
_d2000
215 _a235 с.
_cил.
_d23
225 1 _aСерия "Для программистов"
300 _aЗагл. и авт. ориг.: Effective C++ / Scott Meyers
320 _aАлф. указ.: с. 220-235
454 0 _12001#$aEffective C++$fScott Meyers
_tEffective C++
606 0 _aC++, язык программирования
_92072018
_3RU\NLR\auth\661246828
686 _aЗ973.23-018.1
700 1 _4070
_8rus
_7ca
_aМейерс
_bС.
_f1959-
_gСкотт
_3RU\NLR\AUTH\7740234
_923186
801 0 _aRU
_bNLR
_c20000802
_gPSBO
801 1 _aRU
_bNLR
_c20000802
852 _aNLR
_j2000-7/1198
942 _cBOOK
980 _aNB